| 000 | 00417nam a22001697a 4500 | ||
|---|---|---|---|
| 003 | OSt | ||
| 020 | _a9789381348383 | ||
| 082 |
_a330 _bRAJ/BA |
||
| 100 | _aRAJ KUMAR , ANIL DHAWAN | ||
| 245 | _aBASIC ECONOMICS AND MANAGEMENT | ||
| 250 | _a1ST | ||
| 260 |
_aNEW DELHI _bVAYU EDUCATION OF INDIA _c2011 |
||
| 300 | _a332 | ||
| 650 | _aENGINEERING ECONOMICS | ||
| 700 | _aRAJ KUMAR , ANIL DHAWAN | ||
| 942 |
_2ddc _cBK |
||
| 999 |
_c189322 _d189322 |
||